Manuel practique de l'art d'acrire
Kaydedildi:
| Yazar: | |
|---|---|
| Materyal Türü: | Kitap |
| Dil: | Fransızca |
| Baskı/Yayın Bilgisi: |
París
Hachette
1957
|
| Seri Bilgileri: | Les Voies de la Composition Française
|
| Konular: | |
| Etiketler: |
Etiketle
Etiket eklenmemiş, İlk siz ekleyin!
|
MARC
| LEADER | 00000nam a2200000 a 4500 | ||
|---|---|---|---|
| 001 | UCQ2732 | ||
| 003 | CL-VaPUC | ||
| 008 | 980731e19570000FR |||||||||||||||||fre|d | ||
| 082 | 0 | 4 | |a 801 |b COU |2 21 |
| 100 | 0 | |a Courault, M |e author |9 416782 | |
| 245 | 1 | 0 | |a Manuel practique de l'art d'acrire |
| 300 | |a v | ||
| 942 | |c BK | ||
| 945 | |d 19980731 00:00:00 |a crobeson | ||
| 260 | |a París |b Hachette |c 1957 | ||
| 500 | |a v.2: La phrase - le style | ||
| 650 | 0 | |a Estilo literario |9 316417 | |
| 650 | 0 | |a Composición literaria |9 324494 | |
| 650 | 0 | |a Arte de escribir |9 316418 | |
| 583 | |a last modification |c 19980731 00:00:00 |k Rodrigo Vera | ||
| 490 | 0 | |a Les Voies de la Composition Française | |
| 999 | |c 273503 |d 273501 | ||
| 952 | |0 0 |1 0 |4 0 |6 801_000000000000000_COU_1957 |7 0 |8 A |9 309119 |a BIBEDU |b BIBEDU |d 2019-11-20 |h v.2 |i 1448900 |o 801 COU 1957 |p 1448900 |r 2019-11-20 |w 2019-11-20 |y BK |k LIT | ||